Geometria Plana y del Espacio y Trigonometría/ (Registro nro. 8686)
[ vista simple ]
| 000 -LEADER | |
|---|---|
| fixed length control field | 01687nam a2200205Ia 4500 |
| 005 - FECHA Y HORA DE LA ÚLTIMA TRANSACCIÓN | |
| control field | 20230807160634.0 |
| 008 - FIXED-LENGTH DATA ELEMENTS--GENERAL INFORMATION | |
| fixed length control field | 230725s9999 xx 000 0 und d |
| 020 ## - INTERNATIONAL STANDARD BOOK NUMBER | |
| International Standard Book Number | 9702407818 |
| 040 ## - CATALOGING SOURCE | |
| Original cataloging agency | UPAN |
| Transcribing agency | Biblioteca San Vicente |
| Description conventions | RCAA2 |
| 041 ## - LANGUAGE CODE | |
| Language code of text/sound track or separate title | spa |
| 082 ## - DEWEY DECIMAL CLASSIFICATION NUMBER | |
| Classification number | 516.22 |
| Item number | B353g |
| año de publicación | 2006 |
| 100 ## - MAIN ENTRY--PERSONAL NAME | |
| Personal name | Baldor J. Aurelio |
| Relator code | aut. |
| 245 #0 - TITLE STATEMENT | |
| Title | Geometria Plana y del Espacio y Trigonometría/ |
| Remainder of title | Aurelio J. Baldor |
| 250 ## - EDITION STATEMENT | |
| Edition statement | 1º ed. 1º reimp. |
| 260 ## - PUBLICATION, DISTRIBUTION, ETC. (IMPRINT) | |
| Place of publication, distribution, etc | Mexico: |
| Name of publisher, distributor, etc | Patria, |
| Date of publication, distribution, etc | 2006 |
| 300 ## - PHYSICAL DESCRIPTION | |
| Extent | 625 p.; |
| Other physical details | il. |
| Dimensions | 24 cm. |
| 505 ## - FORMATTED CONTENTS NOTE | |
| Formatted contents note | 1. Generalidades<br/>2. Ángulos<br/>3. Perpendicularidad y paralelismo <br/>4. Ángulos con lados paralelos o perpendiculares <br/>5. Triángulos y generalidades<br/>6. Casos de igualdad de triángulos<br/>7. Polígonos<br/>8. Cuadriláteros<br/>9. Segmentos proporcionales<br/>10. Semejanza de triángulos <br/>11. Relaciones métricas en los triángulos <br/>12. Circunferencia y circulo<br/>13. Ángulos en la circunferencia<br/>14. Relaciones métricas en la circunferencia<br/>15. Relaciones métricas en los polígonos regulares<br/>16. Polígonos semejantes<br/>17. Areas<br/>18. Rectas y planos<br/>19. Prismas y pirámides<br/>20. Volúmenes de los poliedros<br/>21. Cuerpos redondo<br/>22. Trigonometría<br/>23. Funciones trigonométricas de ángulos complementarios, suplementarios, etc<br/>24. Relaciones entre las funciones trigonométricas, identidades y ecuaciones trigonométricas <br/>25. Funciones trigonométricas de la suma y de la diferencia de dos ángulos<br/>26. Funciones trigonométricas del ángulo duplo <br/>27. Resolución de triángulos<br/>28. Logaritmos. Logaritmos de las funciones trigonométricas<br/>29. Aplicaciones de los logaritmos |
| 650 ## - SUBJECT ADDED ENTRY--TOPICAL TERM | |
| Source of heading or term | LEMB |
| Topical term or geographic name as entry element | Geometría |
| General subdivision | Trigonometría |
| 942 ## - ADDED ENTRY ELEMENTS (KOHA) | |
| Koha item type | Libros |
| Source of classification or shelving scheme | Dewey Decimal Classification |
| Withdrawn status | Lost status | Source of classification or shelving scheme | Damaged status | Not for loan | Collection code | Home library | Current library | Date acquired | Total Checkouts | Full call number | Barcode | Date last seen | Copy number | Price effective from | Koha item type |
|---|---|---|---|---|---|---|---|---|---|---|---|---|---|---|---|
| Dewey Decimal Classification | Colección General | Biblioteca UPAN San Vicente | Biblioteca UPAN San Vicente | 25/07/2023 | 516.22 B353g | 12001503 | 25/07/2023 | 01 | 25/07/2023 | Libros | |||||
| Dewey Decimal Classification | Colección General | Biblioteca UPAN San Vicente | Biblioteca UPAN San Vicente | 25/07/2023 | 516.22 B353g | 12001504 | 07/08/2023 | 02 | 25/07/2023 | Libros | |||||
| Dewey Decimal Classification | Colección General | Biblioteca UPAN San Vicente | Biblioteca UPAN San Vicente | 25/07/2023 | 516.22 B353g | 12001505 | 07/08/2023 | 03 | 25/07/2023 | Libros |